Tribhuvan University Central Library

The failure of the "New economics"; an analysis of the Keynesian fallacies (Record no. 57013)

MARC details
000 -LEADER
fixed length control field 00613 a2200229 4500
041 ## - LANGUAGE CODE
Language code of text/sound track or separate title Eng
082 ## - DEWEY DECIMAL CLASSIFICATION NUMBER
Classification number 330.156
Item number H339f
100 ## - MAIN ENTRY--PERSONAL NAME
Personal name Hazlitt, Henry
9 (RLIN) 15766
245 ## - TITLE STATEMENT
Title The failure of the "New economics"; an analysis of the Keynesian fallacies
260 ## - PUBLICATION, DISTRIBUTION, ETC.
Place of publication, distribution, etc. London
Name of publisher, distributor, etc. Van Nostrand
Date of publication, distribution, etc. 1959
300 ## - PHYSICAL DESCRIPTION
Extent xii,458p.
650 ## - SUBJECT ADDED ENTRY--TOPICAL TERM
Topical term or geographic name entry element Keynesian economics
9 (RLIN) 14378
650 ## - SUBJECT ADDED ENTRY--TOPICAL TERM
Topical term or geographic name entry element Income
650 ## - SUBJECT ADDED ENTRY--TOPICAL TERM
Topical term or geographic name entry element Saving
9 (RLIN) 3220
650 ## - SUBJECT ADDED ENTRY--TOPICAL TERM
Topical term or geographic name entry element Investment
9 (RLIN) 3171
650 ## - SUBJECT ADDED ENTRY--TOPICAL TERM
Topical term or geographic name entry element Capital
9 (RLIN) 2997
650 ## - SUBJECT ADDED ENTRY--TOPICAL TERM
Topical term or geographic name entry element Interest
9 (RLIN) 8876
650 ## - SUBJECT ADDED ENTRY--TOPICAL TERM
Topical term or geographic name entry element Emplyment
9 (RLIN) 15767
650 ## - SUBJECT ADDED ENTRY--TOPICAL TERM
Topical term or geographic name entry element Mercantilism
9 (RLIN) 15768
653 ## - INDEX TERM--UNCONTROLLED
Uncontrolled term Economics
942 ## - ADDED ENTRY ELEMENTS (KOHA)
Source of classification or shelving scheme Dewey Decimal Classification
Koha item type General Collections
Holdings
Withdrawn status Lost status Source of classification or shelving scheme Damaged status Not for loan Home library Current library Date acquired Total Checkouts Full call number Barcode Date last seen Date last checked out Price effective from Koha item type
    Dewey Decimal Classification     Tribhuvan University Central Library Tribhuvan University Central Library 02/10/2011 1 330.156 H339f 17848 01/07/2019 12/14/2018 02/10/2011 General Collections